000 00608nam a22002177a 4500
001 8645
003 FISKH
005 20251007144657.0
008 251007b cb ||||| |||| 00| 0 eng d
040 _aFISKH
_beng
_cFISKH
_dFISKH
082 _a543
100 _aKlein, Stanley
245 _aOur familes /
250 _aThis edition published in 1983
260 _aTexas :
_bSteck-Vaughn,
_c1981
300 _a144 pages :
_bcolor illustrations ;
_c27 cm
520 _aThis book is about how all families are different.
650 _aSocial Studies
_vNon-Fiction
942 _2ddc
_cBK
_n0
999 _c8645
_d8645